[Event "POL-chT1"]
[Site "Szklarska Poreba"]
[Date "2013.09.10"]
[Round "4"]
[White "Strzemiecki, Zbigniew"]
[Black "Kolago, Marcin"]
[Result "1/2-1/2"]
[WhiteElo "2429"]
[BlackElo "2344"]
[PlyCount "57"]
[EventDate "2013.09.07"]
[EventType "team-tourn"]
[EventRounds "9"]
[EventCountry "POL"]
[SourceTitle "EXT 2015"]
[Source "ChessBase"]
[SourceDate "2014.11.20"]
[SourceVersion "1"]
[SourceVersionDate "2014.11.20"]
[SourceQuality "1"]
[WhiteTeam "Pultusk Nadnarwianka"]
[BlackTeam "Gminy Pawlowice"]
[WhiteTeamCountry "POL"]
[BlackTeamCountry "POL"]

1. e4 d5 2. exd5 Qxd5 3. Nc3 Qa5 4. g3 Nf6 5. Bg2 c6 6. Nge2 Bf5 7. 0-0 e6 8. d3 Be7 9. h3 h6 10. Be3 0-0 11. a3 Nd5 12. Nxd5 exd5 13. Qd2 Qxd2 14. Bxd2 Bf6 15. Bc3 Bxc3 16. Nxc3 Re8 17. Rfe1 Nd7 18. Kf1 Kf8 19. Rxe8+ Rxe8 20. Re1 Rxe1+ 21. Kxe1 Ke7 22. Kd2 Kd6 23. Ne2 Nc5 24. Nd4 Bh7 25. h4 Ne6 26. Nb3 Nc5 27. Nd4 Ne6 28. Nb3 Nc5 29. Nd4 1/2-1/2

[Event "POL-chT1"]
[Site "Szklarska Poreba"]
[Date "2013.09.09"]
[Round "3"]
[White "Kolago, Marcin"]
[Black "Janaszak, Dawid"]
[Result "1/2-1/2"]
[WhiteElo "2344"]
[BlackElo "2407"]
[PlyCount "61"]
[EventDate "2013.09.07"]
[EventType "team-tourn"]
[EventRounds "9"]
[EventCountry "POL"]
[SourceTitle "EXT 2015"]
[Source "ChessBase"]
[SourceDate "2014.11.20"]
[SourceVersion "1"]
[SourceVersionDate "2014.11.20"]
[SourceQuality "1"]
[WhiteTeam "Gminy Pawlowice"]
[BlackTeam "Ostrow Wielkopolski"]
[WhiteTeamCountry "POL"]
[BlackTeamCountry "POL"]

1. c4 g6 2. Nc3 Bg7 3. g3 Nf6 4. Bg2 0-0 5. b4 c6 6. e3 d5 7. cxd5 Nxd5 8. Qb3 Be6 9. Qb2 a5 10. bxa5 Nxc3 11. dxc3 Qxa5 12. Ne2 Bc4 13. 0-0 Qa6 14. Re1 Nd7 15. Nd4 Nc5 16. Bf1 Nd3 17. Bxd3 Bxd3 18. Qb4 e5 19. Nb3 b6 20. Qd6 Qc4 21. Bb2 Rfd8 22. Qb4 Qa6 23. Nd2 c5 24. Qb3 b5 25. c4 Qa5 26. Bc3 b4 27. Bb2 Bf5 28. e4 Rxd2 29. exf5 Rad8 30. fxg6 hxg6 31. Rab1 1/2-1/2

[Event "CZE-chT1W 1213"]
[Site "Czech Republic"]
[Date "2013.01.13"]
[Round "5.2"]
[White "Vybiral, Zdenek"]
[Black "Kolago, Marcin"]
[Result "0-1"]
[WhiteElo "2193"]
[BlackElo "2338"]
[PlyCount "128"]
[EventDate "2012.10.28"]
[EventType "team-tourn"]
[EventRounds "11"]
[EventCountry "CZE"]
[SourceTitle "EXT 2014"]
[Source "ChessBase"]
[SourceDate "2013.11.20"]
[SourceVersion "1"]
[SourceVersionDate "2013.11.20"]
[SourceQuality "1"]
[WhiteTeam "Ceske Budejovice"]
[BlackTeam "Praha Sokol"]
[WhiteTeamCountry "CZE"]
[BlackTeamCountry "CZE"]

1. d4 Nf6 2. c4 g6 3. Nc3 Bg7 4. e4 d6 5. f3 e5 6. Nge2 exd4 7. Nxd4 Nc6 8. Be3 Nxd4 9. Bxd4 0-0 10. Qd2 Be6 11. Be2 a6 12. 0-0 Nd7 13. Nd5 Bxd4+ 14. Qxd4 Bxd5 15. Qxd5 Rb8 16. Rfd1 Qe7 17. Bf1 Qe5 18. Rd2 Rfe8 19. Rad1 Qf4 20. Qd4 a5 21. Qa7 Qe5 22. a3 Nb6 23. b4 axb4 24. axb4 Qc3 25. b5 Qe3+ 26. Kh1 Nxc4 27. Qxe3 Nxe3 28. Rc1 Nxf1 29. Rxf1 Rbd8 30. Rc1 Re7 31. g4 Kf8 32. Kg2 Ke8 33. Kg3 Kd7 34. Kf4 h6 35. h4 Re5 36. b6 g5+ 37. hxg5 hxg5+ 38. Ke3 cxb6 39. Rb2 b5 40. Rbc2 Ke6 41. Rc7 Rd7 42. Kd4 Rc5 43. Rc8 b6 44. Re8+ Re7 45. Rxe7+ Kxe7 46. Ra1 Kd7 47. Ra8 Kc6 48. Rc8+ Kb7 49. Rf8 b4 50. Rxf7+ Kc6 51. Ra7 b3 52. Ra1 Kb5 53. Rg1 Kb4 54. f4 b2 55. Rb1 Kb3 56. f5 Kc2 57. Rxb2+ Kxb2 58. f6 b5 59. f7 Rc8 60. Kd5 Rf8 61. Kxd6 Rxf7 62. e5 Rf4 63. e6 Rxg4 64. e7 Re4 0-1

[Event "POL-chT 1st League"]
[Site "Poronin"]
[Date "2012.09.??"]
[Round "8"]
[White "Janaszak, Dawid"]
[Black "Kolago, Marcin"]
[Result "1/2-1/2"]
[WhiteElo "2401"]
[BlackElo "2347"]
[PlyCount "85"]
[EventDate "2012.09.01"]
[EventType "team-tourn"]
[EventRounds "9"]
[EventCountry "POL"]
[SourceTitle "EXT 2013"]
[Source "ChessBase"]
[SourceDate "2012.11.22"]
[SourceVersion "1"]
[SourceVersionDate "2012.11.22"]
[SourceQuality "1"]
[WhiteTeam "Ostrow Wielkopolski"]
[BlackTeam "Pawlowice GKS Pniowek 74"]
[WhiteTeamCountry "POL"]
[BlackTeamCountry "POL"]

1. e4 d5 2. exd5 Qxd5 3. Nf3 Bg4 4. Be2 Nf6 5. Nc3 Qd8 6. h3 Bh5 7. g4 Bg6 8. Ne5 Nbd7 9. Nxg6 hxg6 10. d4 Nb6 11. Bf3 c6 12. Qd3 e6 13. Bd2 Qc7 14. 0-0-0 0-0-0 15. Ne2 Bd6 16. Kb1 e5 17. dxe5 Bxe5 18. Qb3 Nfd5 19. a4 Nd7 20. a5 Nc5 21. Qc4 Na6 22. Nc1 Nf4 23. Nb3 Rxh3 24. Rxh3 Nxh3 25. Re1 f6 26. g5 Kb8 27. gxf6 gxf6 28. Qh4 Nf4 29. Bxf4 Bxf4 30. Qxf6 g5 31. Re7 Qd6 32. Re6 Qd7 33. Re7 Qd6 34. Re6 Qd7 35. Re1 Qd6 36. Qf7 Qf8 37. Qh5 Qb4 38. Re8 Qd6 39. Qh8 Rxe8 40. Qxe8+ Kc7 41. Bg4 Qd8 42. Qe6 Kb8 43. Nd4 1/2-1/2

[Event "POL-chT 1st League"]
[Site "Poronin"]
[Date "2012.09.??"]
[Round "7"]
[White "Kolago, Marcin"]
[Black "Wandzik, Wojciech"]
[Result "1/2-1/2"]
[WhiteElo "2347"]
[BlackElo "2219"]
[PlyCount "82"]
[EventDate "2012.09.01"]
[EventType "team-tourn"]
[EventRounds "9"]
[EventCountry "POL"]
[SourceTitle "EXT 2013"]
[Source "ChessBase"]
[SourceDate "2012.11.22"]
[SourceVersion "1"]
[SourceVersionDate "2012.11.22"]
[SourceQuality "1"]
[WhiteTeam "Pawlowice GKS Pniowek 74"]
[BlackTeam "Gliwice Politechnika Slaska"]
[WhiteTeamCountry "POL"]
[BlackTeamCountry "POL"]

1. e4 d5 2. exd5 Qxd5 3. Nc3 Qa5 4. d4 Nf6 5. Bc4 c6 6. Nf3 Bf5 7. Qe2 e6 8. Bd2 Bb4 9. a3 Nbd7 10. 0-0 Bxc3 11. Bxc3 Qc7 12. h3 0-0-0 13. Bd2 h6 14. c3 g5 15. Qe3 Nd5 16. Bxd5 exd5 17. Ne5 Nxe5 18. Qxe5 Qd7 19. Rfe1 Be4 20. f3 Rde8 21. Qf6 Bg6 22. Rxe8+ Rxe8 23. Re1 Rxe1+ 24. Bxe1 Qd8 25. Qe5 b6 26. Bg3 Kb7 27. Kf2 Qd7 28. Qd6 Qxd6 29. Bxd6 Kc8 30. Bf8 h5 31. Bh6 g4 32. fxg4 hxg4 33. h4 Kd7 34. Ke3 Ke6 35. Kf4 g3 36. Kxg3 Kf5 37. Bf4 b5 38. a4 bxa4 39. Bd6 Bh5 40. Kf2 Ke4 41. Ba3 a6 1/2-1/2

[Event "CZE-chT2B 1112"]
[Site "Czech Republic"]
[Date "2012.04.22"]
[Round "11.2"]
[White "Kolago, Marcin"]
[Black "Kovar, Vojtech"]
[Result "1/2-1/2"]
[WhiteElo "2351"]
[BlackElo "2308"]
[PlyCount "150"]
[EventDate "2011.10.09"]
[EventType "team-tourn"]
[EventRounds "11"]
[EventCountry "CZE"]
[SourceTitle "EXT 2013"]
[Source "ChessBase"]
[SourceDate "2012.11.22"]
[SourceVersion "1"]
[SourceVersionDate "2012.11.22"]
[SourceQuality "1"]
[WhiteTeam "Vrsovice"]
[BlackTeam "Teplice"]
[WhiteTeamCountry "CZE"]
[BlackTeamCountry "CZE"]

1. e4 c6 2. Nc3 d5 3. Nf3 Bg4 4. h3 Bxf3 5. Qxf3 e6 6. g3 Nf6 7. Bg2 Bb4 8. 0-0 Bxc3 9. Qxc3 dxe4 10. Re1 0-0 11. Bxe4 Nxe4 12. Rxe4 Nd7 13. b3 Qf6 14. Bb2 Qxc3 15. Bxc3 Rfd8 16. d3 Nf8 17. Rg4 Ng6 18. Re1 Rd5 19. a4 Rad8 20. a5 a6 21. Re2 R8d7 22. Kg2 Rf5 23. Rge4 h5 24. Rc4 h4 25. Bd2 hxg3 26. fxg3 Rfd5 27. Bc3 Ne7 28. Re5 Nf5 29. Kf3 Rxe5 30. Bxe5 f6 31. Bc3 Kf7 32. g4 Nh4+ 33. Ke4 g5 34. Ke3 Ng2+ 35. Kf3 Nh4+ 36. Kg3 Ng6 37. Rd4 Rd5 38. Rxd5 cxd5 39. Bd2 Ne5 40. Bc3 Nc6 41. d4 Na7 42. h4 Nb5 43. Bb2 gxh4+ 44. Kxh4 Kg6 45. Kg3 f5 46. Kf4 fxg4 47. Kxg4 Na7 48. c4 Nc6 49. Bc3 Kf7 50. Kf4 Kf6 51. Ke3 Ke7 52. Kd3 Kd7 53. Ke3 Ne7 54. Kd3 Nf5 55. Bb4 Ke8 56. Be1 Kf7 57. Bb4 Kg6 58. Be1 Kh5 59. Bb4 Kg4 60. Bd2 Kf3 61. Bg5 Kg4 62. Bd8 Kh5 63. Bf6 Kg6 64. Bd8 Kf7 65. Bg5 Kg6 66. Bd8 Kf7 67. Bg5 Nd6 68. Bf4 Nc8 69. Bd2 Kg6 70. Bb4 Na7 71. Bc3 Kf5 72. Ke3 Kg4 73. Be1 Nc6 74. Bc3 Kf5 75. Bd2 Kg6 1/2-1/2

[Event "CZE-chT2B 1112"]
[Site "Czech Republic"]
[Date "2012.03.25"]
[Round "10.2"]
[White "Sejkora, Vlastimil"]
[Black "Kolago, Marcin"]
[Result "0-1"]
[WhiteElo "2221"]
[BlackElo "2351"]
[PlyCount "132"]
[EventDate "2011.10.09"]
[EventType "team-tourn"]
[EventRounds "11"]
[EventCountry "CZE"]
[SourceTitle "EXT 2013"]
[Source "ChessBase"]
[SourceDate "2012.11.22"]
[SourceVersion "1"]
[SourceVersionDate "2012.11.22"]
[SourceQuality "1"]
[WhiteTeam "Decin"]
[BlackTeam "Vrsovice"]
[WhiteTeamCountry "CZE"]
[BlackTeamCountry "CZE"]

1. e4 d5 2. exd5 Qxd5 3. Nc3 Qa5 4. d4 Nf6 5. Bd3 c6 6. Nge2 Na6 7. a3 Nc7 8. b4 Qh5 9. f3 Qh4+ 10. g3 Qh3 11. Kf2 Qd7 12. Be3 b6 13. Qd2 Bb7 14. a4 e6 15. Rhb1 Ncd5 16. Nxd5 Nxd5 17. a5 Be7 18. a6 Bc8 19. b5 0-0 20. bxc6 Qxc6 21. c4 Nf6 22. g4 Rb8 23. g5 Nd7 24. Rb5 Bd6 25. d5 Qc7 26. dxe6 fxe6 27. Qc2 Ne5 28. Bxh7+ Kh8 29. Rxe5 Bxe5 30. Rg1 Qf7 31. Qe4 Qxf3+ 32. Qxf3 Rxf3+ 33. Kxf3 Kxh7 34. Ke4 Bc7 35. g6+ Kg8 36. Rf1 Bxa6 37. Rf7 Bxh2 38. Rxa7 Bxc4 39. Nf4 Rd8 40. Bxb6 Rf8 41. Nh5 Bd5+ 42. Kd3 Be5 43. Bc7 Rf3+ 44. Kd2 Bd4 45. Ra4 e5 46. Ke2 Rf2+ 47. Kd3 Bc6 48. Rxd4 exd4 49. Kxd4 Rf5 50. Nf4 Bd7 51. Ke4 Rb5 52. Bd6 Bf5+ 53. Kd4 Ra5 54. Be5 Bg4 55. Bd6 Bf5 56. Be5 Ra6 57. Nh5 Bxg6 58. Nxg7 Kf7 59. Kd5 Ke7 60. Bd4 Ra5+ 61. Kc6 Be4+ 62. Kb6 Rd5 63. Bc3 Kd7 64. Ba1 Bd3 65. Bc3 Bf1 66. Ba1 Rb5+ 0-1